Singapore MRT Stations - Statistics

General Stats
  • This quiz has been taken 636 times
  • The average score is 141 of 268
Answer Stats
Station Number Station Name % Correct
EW24 NS1 JE5 | JE5 NS1 EW24 | NS1 EW24 JE5 Jurong East
95%
CC1 NS24 NE6 | NE6 NS24 CC1 | NS24 NE6 CC1 Dhoby Ghaut
87%
NS9 TE2 | TE2 NS9 Woodlands
87%
CC15 NS17 | NS17 CC15 Bishan
86%
NS2 Bukit Batok
86%
BP1 NS4 JS1 | JS1 NS4 BP1 | NS4 BP1 JS1 Choa Chu Kang
85%
NS22 TE14 | TE14 NS22 Orchard
84%
CR11 NS16 | NS16 CR11 Ang Mo Kio
83%
EW13 NS25 | NS25 EW13 City Hall
83%
EW14 NS26 | NS26 EW14 Raffles Place
83%
DT32 EW2 | EW2 DT32 Tampines
83%
CC34 DT16 | NS27 CE2 TE20 | TE20 NS27 CC33 Marina Bay
82%
DT12 NE7 | NE7 DT12 Little India
81%
DT11 NS21 | NS21 DT11 Newton
81%
CP4 NE17 PTC | NE17 PTC CP4 Punggol
81%
DT14 EW12 | EW12 DT14 Bugis
80%
NS3 Bukit Gombak
80%
CG1 DT35 | DT35 CG1 Expo
80%
NS13 Yishun
80%
BP6 DT1 | DT1 BP6 Bukit Panjang
79%
DT19 NE4 | NE4 DT19 Chinatown
79%
CC29 NE1 | NE1 CC29 HarbourFront
79%
CP1 EW1 CR5 | CR5 EW1 CP1 | EW1 CR5 CP1 Pasir Ris
79%
CC13 NE12 | NE12 CC13 Serangoon
79%
CC22 EW21 | EW21 CC22 Buona Vista
78%
NS23 Somerset
78%
CG2 Changi Airport
77%
EW16 NE3 TE17 | NE3 EW16 TE17 | TE17 EW16 NE3 Outram Park
77%
EW5 Bedok
76%
NS5 Yew Tee
76%
NS20 Novena
75%
NE16 STC Sengkang
75%
NS15 Yio Chu Kang
75%
EW23 Clementi
74%
TE21 Marina South
74%
NS11 Sembawang
74%
NS19 Toa Payoh
74%
CC19 DT9 | DT9 CC19 Botanic Gardens
73%
NS14 Khatib
72%
NS12 Canberra
71%
EW10 Kallang
71%
NS8 Marsiling
71%
EW18 Redhill
71%
EW33 Tuas Link
71%
NS10 Admiralty
70%
CR8 NE14 | NE14 CR8 Hougang
70%
NS7 Kranji
70%
NS28 Marina South Pier
70%
EW27 JS8 | JS8 EW27 Boon Lay
69%
EW22 Dover
68%
CC9 EW8 | EW8 CC9 Paya Lebar
68%
CC6 Stadium
68%
EW4 CG Tanah Merah
68%
EW25 Chinese Garden
67%
EW19 Queenstown
67%
NS18 Braddell
66%
CC17 TE9 | TE9 CC17 Caldecott
66%
EW7 Eunos
66%
NE13 Kovan
65%
EW11 Lavender
65%
CC4 DT15 | DT15 CC4 Promenade
65%
EW3 Simei
65%
DT5 Beauty World
64%
EW26 Lakeside
64%
CC23 one-north
64%
EW9 Aljunied
63%
CC3 Esplanade
63%
NE8 Farrer Park
63%
DT10 TE11 | TE11 DT10 Stevens
63%
DT31 Tampines West
63%
CC33 NS27 TE20 | DT16 CC34 Bayfront
62%
NE15 Buangkok
62%
DT3 Hillview
62%
EW6 Kembangan
62%
DT2 Cashew
61%
NE5 Clarke Quay
61%
EW20 Commonwealth
61%
EW30 Gul Circle
61%
EW29 Joo Koon
61%
DT33 Tampines East
61%
EW15 Tanjong Pagar
61%
EW17 Tiong Bahru
61%
TE1 RTS Woodlands North
61%
CC10 DT26 | DT26 CC10 MacPherson
60%
EW28 Pioneer
60%
CC14 Lorong Chuan
59%
DT7 Sixth Avenue
59%
CC20 Farrer Road
58%
CC8 Dakota
57%
CC25 Haw Par Villa
57%
CC7 Mountbatten
57%
NE10 Potong Pasir
57%
DT13 Rochor
57%
DT29 Bedok North
56%
NE9 Boon Keng
56%
DT6 King Albert Park
56%
CC16 Marymount
56%
CC5 Nicoll Highway
56%
NE11 Woodleigh
56%
CC11 Tai Seng
55%
DT8 Tan Kah Kee
55%
TE3 Woodlands South
55%
CC2 Bras Basah
54%
CC21 Holland Village
54%
DT27 Ubi
54%
DT30 Bedok Reservoir
52%
DT17 Downtown
52%
CC24 Kent Ridge
52%
CC26 Pasir Panjang
52%
EW32 Tuas West Road
52%
EW31 Tuas Crescent
51%
CC12 Bartley
50%
CC28 Telok Blangah
50%
TE22 Gardens by the Bay
49%
CC27 Labrador Park
49%
NE18 Punggol Coast
49%
DT NS6 | NS6 DT Sungei Kadut
49%
TE6 Mayflower
47%
DT21 Bencoolen
46%
NS3A Brickland
46%
CR13 TE7 | TE7 CR13 Bright Hill
46%
TE4 Springleaf
46%
DT18 Telok Ayer
46%
DT34 Upper Changi
46%
DT20 Fort Canning
45%
DT22 Jalan Besar
44%
DT23 Bendemeer
43%
JS6 Jurong West
43%
DT28 Kaki Bukit
42%
DT25 Mattar
42%
TE8 Upper Thomson
42%
TE30 Bedok South
41%
TE13 Orchard Boulevard
41%
DT4 Hume
40%
TE5 Lentor
40%
DT24 Geylang Bahru
39%
TE18 Maxwell
39%
TE15 Great World
38%
DT37 TE31 | TE31 DT37 Sungei Bedok
38%
CC30 Keppel
37%
TE12 Napier
37%
CC18 Bukit Brown
36%
CC31 Cantonment
36%
TE26 Marine Parade
36%
TE19 Shenton Way
35%
BP13 Senja
33%
CR6 Tampines North
33%
DT36 Xilin
33%
TE29 Bayshore
32%
TE16 Havelock
32%
BP5 Phoenix
32%
CC32 Prince Edward
32%
TE25 Tanjong Katong
31%
TE23 Tanjong Rhu
31%
BP14 (closed) Ten Mile Junction
31%
BP3 Keat Hong
30%
BP2 South View
30%
BP10 Fajar
29%
TE22A Founders' Memorial
29%
BP8 Pending
29%
CP3 PE4 | PE4 CP3 Riviera
29%
TE28 Siglap
29%
JS3 Tengah
29%
TE10 Mount Pleasant
28%
BP7 Petir
28%
CR2 Aviation Park
27%
CR4 Pasir Ris East
27%
BP4 Teck Whye
27%
CR3 Loyang
26%
CR9 Serangoon North
26%
SE1 Compassvale
25%
PE6 Oasis
25%
JS2 Choa Chu Kang West
24%
CR7 Defu
24%
BP12 Jelapang
24%
TE24 Katong Park
24%
JW4 Nanyang Crescent
24%
PW3 Punggol Point
24%
PW2 Teck Lee
24%
CP2 Elias
23%
SW5 Fernvale
23%
TE27 Marine Terrace
23%
CR12 Teck Ghee
23%
JS5 Corporation
22%
PE1 Cove
22%
JE6 Jurong Town Hall
22%
JS12 Jurong Pier
21%
JW3 Nanyang Gateway
21%
BP11 Segar
21%
BP9 Bangkit
20%
JE3 Bukit Batok West
20%
SW2 Farmway
20%
CR10 Tavistock
20%
JE1 Tengah Plantation
20%
JS7 Bahar Junction
19%
SE2 Rumbia
19%
PW1 Sam Kee
19%
PE3 Coral Edge
18%
PE7 Damai
18%
JW5 Peng Kang Hill
18%
JS9 Enterprise
17%
SW3 Kupang
17%
JE7 Pandan Reservoir
17%
SW8 Renjong
17%
PW4 Samudera
17%
PW7 Soo Teck
17%
JW2 Tawas
17%
SW1 Cheng Lim
16%
JS4 Hong Kah
16%
JS11 Jurong Hill
16%
SW6 Layar
16%
PE2 Meridian
16%
JS10 Tukang
16%
SE3 Bakau
15%
JW1 Gek Poh
15%
PE5 Kadaloor
15%
SE4 Kangkar
15%
PW5 Nibong
15%
SE5 Ranggung
15%
PW6 Sumang
15%
JE2 Tengah Park
15%
SW4 Thanggam
15%
JE4 Toh Guan
15%
SW7 Tongkang
15%
No matching quizzes found
Score Distribution
Percent of People with Each Score
Percentile by Number Answered
Your Score History
You have not taken this quiz